|
|
|
|
| LEADER |
00700nam a2200169Ia 4500 |
| 001 |
CTU_43842 |
| 008 |
210402s9999 xx 000 0 und d |
| 082 |
|
|
|a 448.02
|
| 082 |
|
|
|b A103
|
| 100 |
|
|
|a Trần Thanh ái
|
| 245 |
|
0 |
|a Bài giảng la traduction: Quelques aspects théoriques et pratiques ( Dành cho sinh viên chuyên ngữ Pháp văn )
|
| 245 |
|
0 |
|c Trần Thanh ái
|
| 260 |
|
|
|a Cần Thơ
|
| 260 |
|
|
|b Trường Đại học Cần Thơ - Khoa Sư phạm
|
| 260 |
|
|
|c 2000
|
| 650 |
|
|
|a french language - textbooks for second language learners,french langugage - translating - outlines, syllabi, etc
|
| 980 |
|
|
|a Trung tâm Học liệu Trường Đại học Cần Thơ
|